00750nam a2200169Ia 450000500170000000800410001702000150005808200130007310000140008624500450010026000390014530000170018450002610020194200060046295200970046899900150056520241125074312.0240331s9999 xx 000 0 und d a0415202671 bBENa907 aBently, M 0aModern historiography :ban introduction aLondon & New YorkbRoutledgec1999 aXII, 182 P., aModern Historiography is the essential introduction to the history of historical writing. It explains the broad philosophical background to the different historians and historical schools of the modern era. In a unique overview of modern historiography.  cL 001040708LaWERCLbWERCLcSSCd2024-03-31l0o 909.2 BENp2966r2024-03-31w2024-03-31yL c3421d3421